00639nam a2200145 a 450000100100000000500170001000800410002704000250006824500880009326000820018130000440026371000640030795201050037199900170047600004051820201002034203.0130829s2009 dr 000 0 spa d aDO-SdBNPbspacBNPHU00aDiagnóstico institucional a 280 organizaciones de la sociedad civil dominicana /. aSanto Domingo :bPrograma de Iniciativas Locales de la Sociedad Civil,c2009. a95 p. :bil., retrs., gráf. ;c22 cm.2 aPrograma de Iniciativas Locales de la Sociedad Civil966821 0010718PDaPDbPDcHDd2013-08-29iLF1l0o p40518-10r2020-06-25w2020-06-25yLFPDZNo se presta c40008d40008